Ramillete de flores, historiales recogidos de los más señalados sucesos que ha visto el mundo, desde su creación hasta nuestros...

Detalles Bibliográficos
Autor principal: BUSIERES, Juan
Formato: Libro
Publicado: Madrid 1666
Edición:2a. ed.
Materias:
Colección:Banco de datos
Acervo:Biblioteca del Ex Convento de Nuestra Señora de Guadalupe. Zacatecas
Descripción Física:2a. parte
Tema general:Historia Civil
Notas:Buena. VI,8,28(1894). Marca de fuego no identificada 6.
LEADER 00902nam a22002170004500
035 |a 39465 
036 |a 649 
100 1 |a BUSIERES, Juan 
245 1 0 |a Ramillete de flores, historiales recogidos de los más señalados sucesos que ha visto el mundo, desde su creación hasta nuestros...  |c tr. Lorenzo Mateo y Sanz 
250 |a 2a. ed. 
260 |a Madrid  |b ed. viuda de Francisco de Robles, imp. Joseph Fernández de Buendía  |c 1666 
300 |a 2a. parte 
500 |a Buena. VI,8,28(1894). Marca de fuego no identificada 6. 
650 1 0 |a Historia Civil 
949 |a CRZ-CG 
959 |a Ex convento de Nuestra Señora de Guadalupe, Museo Regional de Zacatecas, Zacatecas  |b CCC4 
960 |a Convento de Nuestra Señora de Guadalupe, Zacatecas  |b DD87 
961 |a Franciscana  |b OF 
942 |c CRZ-CG 
943 |g Biblioteca del Ex Convento de Nuestra Señora de Guadalupe. Zacatecas 
999 |c 963592  |d 963592